The first ladies / (Record no. 530016)

000 -LEADER
fixed length control field 01472cam a2200373 a 4500
001 - CONTROL NUMBER
control field 3400918
003 - CONTROL NUMBER IDENTIFIER
control field NUST
005 - DATE AND TIME OF LATEST TRANSACTION
control field 20191008150648.0
008 - FIXED-LENGTH DATA ELEMENTS--GENERAL INFORMATION
fixed length control field 890427s1989 dcua j 000 0ceng
010 ## - LIBRARY OF CONGRESS CONTROL NUMBER
LC control number 89050706
020 ## - INTERNATIONAL STANDARD BOOK NUMBER
International Standard Book Number 0912308400 :
Terms of availability $6.50
020 ## - INTERNATIONAL STANDARD BOOK NUMBER
International Standard Book Number 0912308397 (pbk.) :
Terms of availability $5.25
038 ## - RECORD CONTENT LICENSOR
Staff Name waseem
040 ## - CATALOGING SOURCE
Original cataloging agency DLC
Transcribing agency DLC
Modifying agency DLC
042 ## - AUTHENTICATION CODE
Authentication code lcac
043 ## - GEOGRAPHIC AREA CODE
Geographic area code n-us---
050 00 - LIBRARY OF CONGRESS CALL NUMBER
Classification number E176.2
Item number .K48 1989
082 00 - DEWEY DECIMAL CLASSIFICATION NUMBER
Classification number 973.099
Author Mark KLA
100 1# - MAIN ENTRY--PERSONAL NAME
Personal name Klapthor, Margaret Brown.
9 (RLIN) 23297
245 14 - TITLE STATEMENT
Title The first ladies /
Statement of responsibility, etc. by Margaret Brown Klapthor.
250 ## - EDITION STATEMENT
Edition statement 6th ed.
260 ## - PUBLICATION, DISTRIBUTION, ETC.
Place of publication, distribution, etc. Washington, D.C. :
Name of publisher, distributor, etc. White House Historical Association with the cooperation of the National Geographic Society,
Date of publication, distribution, etc. 1989.
300 ## - PHYSICAL DESCRIPTION
Extent 90 p. :
Other physical details ill. (some col.) ;
Dimensions 26 cm.
520 ## - SUMMARY, ETC.
Summary, etc. Brief biographies and portraits of forty-two wives, sisters, daughters, nieces, and other relatives of Presidents who have served as White House hostesses, from Martha Washington to Barbara Bush.
650 #0 - SUBJECT ADDED ENTRY--TOPICAL TERM
Topical term or geographic name entry element Presidents' spouses
Geographic subdivision United States
General subdivision Biography.
9 (RLIN) 8144
650 #0 - SUBJECT ADDED ENTRY--TOPICAL TERM
Topical term or geographic name entry element Presidents' spouses
Geographic subdivision United States
General subdivision Portraits.
9 (RLIN) 23298
650 #1 - SUBJECT ADDED ENTRY--TOPICAL TERM
Topical term or geographic name entry element First ladies.
9 (RLIN) 23299
650 #1 - SUBJECT ADDED ENTRY--TOPICAL TERM
Topical term or geographic name entry element Presidents
General subdivision Family.
9 (RLIN) 23300
710 2# - ADDED ENTRY--CORPORATE NAME
Corporate name or jurisdiction name as entry element White House Historical Association.
9 (RLIN) 23301
710 2# - ADDED ENTRY--CORPORATE NAME
Corporate name or jurisdiction name as entry element National Geographic Society (U.S.)
9 (RLIN) 23302
906 ## - LOCAL DATA ELEMENT F, LDF (RLIN)
a 7
b cbc
c orignew
d 2
e ocip
f 19
g y-gencatlg
942 ## - ADDED ENTRY ELEMENTS (KOHA)
Source of classification or shelving scheme
Koha item type Book
Holdings
Withdrawn status Lost status Source of classification or shelving scheme Damaged status Not for loan Permanent Location Current Location Date acquired Source of acquisition Full call number Barcode Date last seen Price effective from Koha item type
          Central Library (CL) Central Library (CL) 10/08/2019 Donation 973.099 KLA CL-D-637 03/20/2023 10/08/2019 Reference
© 2023 Central Library, National University of Sciences and Technology. All Rights Reserved.